| 000 | 01084nam0a22003011 4500 | ||
|---|---|---|---|
| 001 | v19\rc\1998625 | ||
| 005 | 20251118181254.8 | ||
| 035 | _a(NLR Aleph) 005074415 | ||
| 090 |
_a7129782 _c7129782 |
||
| 100 | _a20080811d1915 u y0rusy50 ca | ||
| 101 | 0 | _arus | |
| 102 | _aRU | ||
| 105 | _ay z ||||| | ||
| 200 | 1 |
_aНаследство о. Иоанна _eЗаписки судеб. пристава по охран. описи имущества о. Иоанна Кронштадского _f[А. Витович] |
|
| 210 |
_aПетроград _cтип. Степанова _d[1915] |
||
| 215 |
_a24 с. _d24 |
||
| 300 | _aАвт. указан в конце текста | ||
| 309 | _aБез тит. л. и обл. | ||
| 532 | 1 | 2 | _aНаследство отца Иоанна |
| 700 | 1 |
_aВитович _bА. |
|
| 702 | 1 |
_aСергиев _bИ.И. _f1829-1908/09 _gИоанн Ильич _4570 |
|
| 801 | 0 |
_aRU _bNLR _gpsbo |
|
| 801 | 0 |
_aRU _bRuMoRGB _2psbo |
|
| 801 | 1 |
_aRU _bProSoft-M _2rusmarc |
|
| 852 |
_aNLR _j37.59.4.184 |
||
| 899 |
_aRuMoRGB _jV 222/35 |
||
| 942 | _cBOOK | ||
| 980 | _aNB | ||